Integration von BDE, Produktionsplanung und Personalwirtschaft. Konzepte und Lösungen.
Rôznorodosť oblastí zberu podnikových dát (pracovný čas, kontrola vstupu, objednávky, skladové údaje, stroje, jedáleň a dopravný park). Hardwarová integrácia zberu dát. Systémy off line a on line. Decentralizovaný zber dát. Integrácia dát na základe systémovej koncepcie- periférne zberače spojené on...
Saved in:
| Main Author: | |
|---|---|
| Format: | Book Chapter |
| Language: | German |
| Subjects: | |
| Tags: |
No Tags, Be the first to tag this record!
|
MARC
| LEADER | 00000naa a2200000 4500 | ||
|---|---|---|---|
| 001 | r012718 | ||
| 005 | 20221130112907.2 | ||
| 041 | 0 | |a ger | |
| 044 | |a DE | ||
| 245 | 1 | 0 | |a Integration von BDE, Produktionsplanung und Personalwirtschaft. |b Konzepte und Lösungen. |c H.J. Kremer |
| 520 | |a Rôznorodosť oblastí zberu podnikových dát (pracovný čas, kontrola vstupu, objednávky, skladové údaje, stroje, jedáleň a dopravný park). Hardwarová integrácia zberu dát. Systémy off line a on line. Decentralizovaný zber dát. Integrácia dát na základe systémovej koncepcie- periférne zberače spojené on line s koncentrátorom UNIX. Potreba integrovaných dát predovšetkým v oblasti termínu dodávok a času prítomnosti pracovníkov. | ||
| 610 | 2 | 0 | |a zber dát |
| 610 | 2 | 0 | |a informácie vnútropodnikové |
| 610 | 2 | 0 | |a integrácia |
| 610 | 2 | 0 | |a hardvér |
| 610 | 2 | 0 | |a plánovanie výroby |
| 610 | 2 | 0 | |a personalistika |
| 610 | 2 | 0 | |a systémy informačné podnikové |
| 610 | 2 | 0 | |a UNIX |
| 610 | 2 | 0 | |a siete počítačové |
| 100 | 1 | |a Kremer, H.J. | |